|
|
|
|
| LEADER |
01257cam a2200361 a 4500 |
| 001 |
c000396894 |
| 003 |
CARM |
| 005 |
20140324130943.0 |
| 008 |
140324s2001 azua b 001 0 eng d |
| 010 |
|
|
|a 00044396
|
| 019 |
1 |
|
|a 21601367
|5 LACONCORD2021
|
| 020 |
|
|
|a 0913875503
|
| 035 |
|
|
|a (OCoLC)44427156
|5 LACONCORD2021
|
| 040 |
|
|
|a DLC
|b eng
|c DLC
|d VVUT
|
| 042 |
|
|
|a pcc
|
| 050 |
0 |
0 |
|a RD96.6
|b .G66 2000
|
| 082 |
0 |
4 |
|a 617.47044
|2 21
|
| 100 |
1 |
|
|a Gomez, Mark A.
|
| 245 |
1 |
0 |
|a Biomechanics of soft-tissue injury /
|c Mark A. Gomez.
|
| 260 |
|
|
|a Tucson, Ariz. :
|b Lawyers & Judges Pub.,
|c c2001.
|
| 300 |
|
|
|a xi, 111 p. :
|b ill. ;
|c 29 cm.
|
| 500 |
|
|
|a Includes index.
|
| 504 |
|
|
|a Includes bibliographical references and index.
|
| 650 |
|
0 |
|a Soft tissue injuries.
|
| 650 |
|
0 |
|a Musculoskeletal system
|x Wounds and injuries.
|
| 650 |
|
0 |
|a Biomechanics.
|
| 650 |
|
0 |
|a Medical jurisprudence.
|
| 650 |
|
0 |
|a Crash injuries.
|
| 852 |
8 |
|
|b CARM
|p 0601693
|f BK
|
| 852 |
8 |
|
|b SCAN
|h A3:AK35D0
|i E02476
|p 0601693
|f BK
|
| 999 |
f |
f |
|i c5594ef4-383a-5fbd-84fe-1594f87280b5
|s 38403bb7-1a60-5876-aa11-d87001ce4499
|
| 952 |
f |
f |
|p Can circulate
|a CAVAL
|b CAVAL
|c CAVAL
|d CARM 1 Store
|i book
|m 0601693
|
| 952 |
f |
f |
|a CAVAL
|b CAVAL
|c CAVAL
|d Unmapped Location
|e E02476
|f A3:AK35D0
|h Other scheme
|